[Event "Polanica Zdroj op-A 44th"]
[Site "Polanica Zdroj"]
[Date "2008.08.28"]
[Round "10"]
[White "Brynski, Dawid"]
[Black "Szwed, Jacek"]
[Result "0-1"]
[WhiteElo "2064"]
[BlackElo "2319"]
[PlyCount "60"]
[EventDate "2008.08.19"]
[EventType "swiss"]
[EventRounds "10"]
[EventCountry "POL"]
[SourceTitle "CBM 126 Extra"]
[Source "ChessBase"]
[SourceDate "2008.11.05"]
[SourceVersion "1"]
[SourceVersionDate "2008.11.05"]
[SourceQuality "1"]

1. e4 c5 2. Nf3 d6 3. d4 cxd4 4. Nxd4 Nf6 5. Nc3 a6 6. Bg5 e6 7. f4 Be7 8. Qf3 h6 9. Bxf6 Bxf6 10. 0-0-0 Qb6 11. Nb3 Qc7 12. g4 Nd7 13. h4 Bxc3 14. bxc3 b5 15. Bg2 Bb7 16. Qd3 Ke7 17. Rhe1 Rac8 18. Nd4 Nc5 19. Qd2 Rhd8 20. g5 Qa5 21. Qe3 Qa3+ 22. Kd2 Na4 23. Nf5+ Kf8 24. gxh6 gxh6 25. Nxh6 Rxc3 26. Qd4 Qb2 27. Rc1 Rxc2+ 28. Ke3 Rxc1 29. Rxc1 Qxc1+ 30. Kf3 Qc3+ 0-1

[Event "Polanica Zdroj op-A 44th"]
[Site "Polanica Zdroj"]
[Date "2008.08.27"]
[Round "9"]
[White "Mickiewicz, Piotr"]
[Black "Brynski, Dawid"]
[Result "1-0"]
[WhiteElo "2347"]
[BlackElo "2064"]
[PlyCount "81"]
[EventDate "2008.08.19"]
[EventType "swiss"]
[EventRounds "10"]
[EventCountry "POL"]
[SourceTitle "CBM 126 Extra"]
[Source "ChessBase"]
[SourceDate "2008.11.05"]
[SourceVersion "1"]
[SourceVersionDate "2008.11.05"]
[SourceQuality "1"]

1. Nf3 Nf6 2. g3 g6 3. Bg2 Bg7 4. 0-0 0-0 5. d3 c5 6. e4 Nc6 7. c3 d6 8. a3 Qc7 9. b4 a6 10. Nbd2 Nd7 11. Qb3 b5 12. Bb2 Nb6 13. Rac1 c4 14. Qc2 cxd3 15. Qxd3 Be6 16. Nd4 Bc4 17. Nxc4 Nxc4 18. Ba1 N6e5 19. Qe2 Rac8 20. f4 Nd7 21. Rcd1 Rfd8 22. Kh1 Qb6 23. Rd3 Nxa3 24. Bb2 Nc4 25. Bc1 Nb8 26. Rfd1 a5 27. bxa5 Qxa5 28. Bh3 Rc7 29. e5 d5 30. e6 f5 31. g4 fxg4 32. Bxg4 Bxd4 33. cxd4 Nd6 34. f5 Rf8 35. fxg6 Ne4 36. gxh7+ Kh8 37. Rf3 Rcc8 38. Bh6 Rxf3 39. Qxf3 Nf6 40. Bf5 Qa4 41. Rg1 1-0

[Event "Polanica Zdroj op-A 44th"]
[Site "Polanica Zdroj"]
[Date "2008.08.21"]
[Round "3"]
[White "Brynski, Dawid"]
[Black "Walas, Aleksandra"]
[Result "1/2-1/2"]
[WhiteElo "2064"]
[BlackElo "1830"]
[PlyCount "66"]
[EventDate "2008.08.19"]
[EventType "swiss"]
[EventRounds "10"]
[EventCountry "POL"]
[SourceTitle "CBM 126 Extra"]
[Source "ChessBase"]
[SourceDate "2008.11.05"]
[SourceVersion "1"]
[SourceVersionDate "2008.11.05"]
[SourceQuality "1"]

1. e4 Nc6 2. Nf3 d5 3. exd5 Qxd5 4. Nc3 Qa5 5. Bc4 Bg4 6. h3 Bh5 7. g4 Bg6 8. d3 Ne5 9. Bb5+ c6 10. Nxe5 cxb5 11. Nxg6 hxg6 12. Qf3 Qc7 13. Bf4 Qd7 14. Qd5 Qxd5 15. Nxd5 0-0-0 16. Nc3 e5 17. Be3 a6 18. 0-0-0 f5 19. f4 e4 20. dxe4 Rxd1+ 21. Rxd1 Ne7 22. Bb6 Nc6 23. e5 Be7 24. Nd5 Bd8 25. Bc5 fxg4 26. hxg4 g5 27. e6 gxf4 28. Bd6 Re8 29. Re1 f3 30. e7 Nxe7 31. Bxe7 f2 32. Rf1 Bxe7 33. Nxe7+ Rxe7 1/2-1/2

[Event "Polanica Zdroj op-A 44th"]
[Site "Polanica Zdroj"]
[Date "2008.08.20"]
[Round "2"]
[White "Stoma, Pawel"]
[Black "Brynski, Dawid"]
[Result "1-0"]
[WhiteElo "2294"]
[BlackElo "2064"]
[PlyCount "65"]
[EventDate "2008.08.19"]
[EventType "swiss"]
[EventRounds "10"]
[EventCountry "POL"]
[SourceTitle "CBM 126 Extra"]
[Source "ChessBase"]
[SourceDate "2008.11.05"]
[SourceVersion "1"]
[SourceVersionDate "2008.11.05"]
[SourceQuality "1"]

1. e4 c5 2. Nf3 Nc6 3. Nc3 e5 4. Bc4 Be7 5. d3 Nf6 6. Nd2 d6 7. Nf1 Bg4 8. f3 Be6 9. Ne3 0-0 10. 0-0 a6 11. f4 exf4 12. Rxf4 Nd7 13. Nf5 Nde5 14. Bd5 Ng6 15. Rf2 Bf6 16. Qh5 Rc8 17. Be3 Nb4 18. Raf1 Bxc3 19. bxc3 Nxd5 20. exd5 Bxf5 21. Rxf5 Qh4 22. Qd1 Qe7 23. R5f3 Rce8 24. Rh3 f6 25. Qh5 Qe5 26. Qxh7+ Kf7 27. Bh6 Rg8 28. Rg3 Qh5 29. Rxf6+ Kxf6 30. Bxg7+ Rxg7 31. Qxh5 Re5 32. Qh6 Re8 33. Rf3+ 1-0

[Event "Polanica Zdroj op-A 44th"]
[Site "Polanica Zdroj"]
[Date "2008.08.19"]
[Round "1"]
[White "Gralka, Julian"]
[Black "Brynski, Dawid"]
[Result "1-0"]
[WhiteElo "2268"]
[BlackElo "2064"]
[PlyCount "66"]
[EventDate "2008.08.19"]
[EventType "swiss"]
[EventRounds "10"]
[EventCountry "POL"]
[SourceTitle "CBM 126 Extra"]
[Source "ChessBase"]
[SourceDate "2008.11.05"]
[SourceVersion "1"]
[SourceVersionDate "2008.11.05"]
[SourceQuality "1"]

1. d4 Nf6 2. c4 g6 3. Nc3 d5 4. Nf3 Bg7 5. Qb3 dxc4 6. Qxc4 0-0 7. e4 a6 8. Qb3 b5 9. e5 Nfd7 10. Be3 c6 11. e6 fxe6 12. Ng5 Nb6 13. Nxe6 Bxe6 14. Qxe6+ Kh8 15. Rd1 b4 16. Ne4 Qd5 17. Nc5 Bf6 18. Bd3 Qxe6 19. Nxe6 Rc8 20. h4 Nd5 21. h5 Nxe3 22. fxe3 g5 23. Bf5 Rg8 24. h6 g4 25. e4 c5 26. e5 Bg5 27. Nxc5 Nc6 28. Nd7 g3 29. Ke2 Nd8 30. Nc5 Rf8 31. Rdf1 e6 32. Ne4 Nc6 33. Bxe6 Bxh6 1-0

[Event "Zielona Gora op"]
[Site "Zielona Gora"]
[Date "2006.09.24"]
[Round "3"]
[White "Brynski, Dawid"]
[Black "Bielinski, Dariusz"]
[Result "1-0"]
[WhiteElo "1952"]
[BlackElo "2207"]
[PlyCount "92"]
[EventDate "2006.??.??"]
[EventType "swiss"]
[EventRounds "9"]
[EventCountry "POL"]
[SourceTitle "EXT 2007"]
[Source "ChessBase"]
[SourceDate "2006.11.23"]
[SourceVersion "1"]
[SourceVersionDate "2006.11.23"]
[SourceQuality "1"]

1. e4 c5 2. Nf3 d6 3. d4 cxd4 4. Nxd4 Nf6 5. Nc3 a6 6. Bg5 e6 7. f4 b5 8. e5 dxe5 9. fxe5 Qc7 10. Qe2 Nfd7 11. 0-0-0 Bb7 12. Qg4 Qxe5 13. Bxb5 axb5 14. Rhe1 h5 15. Qh4 Qc5 16. Qg3 Be7 17. Bxe7 Qxe7 18. Nf5 h4 19. Qxg7 Qf6 20. Nd6+ Ke7 21. Qxf6+ Nxf6 22. Nxb7 b4 23. Nd5+ Nxd5 24. Rxd5 Rxa2 25. Kb1 Ra7 26. Na5 Rg8 27. Re2 Kf6 28. Rb5 Rd8 29. Re1 Rd5 30. Rf1+ Kg5 31. Rxd5+ exd5 32. Nb3 Nc6 33. Rd1 Rd7 34. Nd4 Nxd4 35. Rxd4 b3 36. c4 Re7 37. Rxd5+ f5 38. Rd1 Rc7 39. Rd3 Rxc4 40. Rxb3 Rg4 41. g3 h3 42. Rb8 Rd4 43. Rh8 f4 44. gxf4+ Kg4 45. f5 Rf4 46. Rg8+ Kh4 1-0

[Event "Przelazy op-A"]
[Site "Przelazy"]
[Date "2004.??.??"]
[Round "5"]
[White "Miechowicz, Witold"]
[Black "Brynski, Dawid"]
[Result "1-0"]
[WhiteElo "1995"]
[BlackElo "1800"]
[PlyCount "85"]
[EventDate "2004.??.??"]
[EventType "swiss"]
[EventRounds "9"]
[EventCountry "POL"]
[SourceTitle "EXT 2007"]
[Source "ChessBase"]
[SourceDate "2006.11.23"]
[SourceVersion "1"]
[SourceVersionDate "2006.11.23"]
[SourceQuality "1"]

1. e4 c5 2. c3 d5 3. exd5 Qxd5 4. d4 Nf6 5. Be3 Nc6 6. Na3 cxd4 7. Nb5 Qd8 8. Nxd4 Nxd4 9. Bxd4 e6 10. Nf3 Be7 11. Bd3 0-0 12. h4 h6 13. Ne5 Nd7 14. Qe2 Nxe5 15. Bxe5 Bf6 16. Rd1 Qe7 17. Bd6 Qd8 18. Qe4 g6 19. Bxf8 Kxf8 20. Qf4 Kg7 21. Bxg6 Qb6 22. Bb1 Qxb2 23. 0-0 Qxc3 24. Qe4 Rb8 25. Qh7+ Kf8 26. Qxh6+ Ke7 27. Qh7 b6 28. Bg6 Bg7 29. Rc1 Qe5 30. Rfe1 Qd4 31. Qg8 Qf6 32. Rc7+ Kd6 33. Rxc8 Rxc8 34. Qxc8 fxg6 35. Rd1+ Ke5 36. Qc3+ Kf5 37. Qf3+ Ke5 38. Qe3+ Kf5 39. Re1 Qxh4 40. Qxe6+ Kg5 41. Re4 Qh5 42. Qe7+ Kf5 43. g4+ 1-0

[Event "Przelazy op-A"]
[Site "Przelazy"]
[Date "2004.??.??"]
[Round "3"]
[White "Wojcieszyn, Zdzislaw"]
[Black "Brynski, Dawid"]
[Result "1-0"]
[WhiteElo "2060"]
[BlackElo "1800"]
[PlyCount "89"]
[EventDate "2004.??.??"]
[EventType "swiss"]
[EventRounds "9"]
[EventCountry "POL"]
[SourceTitle "EXT 2007"]
[Source "ChessBase"]
[SourceDate "2006.11.23"]
[SourceVersion "1"]
[SourceVersionDate "2006.11.23"]
[SourceQuality "1"]

1. c4 Nf6 2. Nc3 d5 3. cxd5 Nxd5 4. g3 Nxc3 5. bxc3 g6 6. Bg2 Bg7 7. Qb3 Nd7 8. d4 c5 9. d5 0-0 10. Nf3 c4 11. Qc2 Nc5 12. Nd4 Qa5 13. 0-0 Nb3 14. Rb1 Nxd4 15. cxd4 c3 16. e3 Bf5 17. e4 Bd7 18. Bg5 Ba4 19. Qd3 c2 20. Rxb7 Rfb8 21. Rxe7 Bf8 22. Re5 Bb5 23. Qxc2 Bxf1 24. Bxf1 Bd6 25. Kg2 Rc8 26. Qd3 Rc3 27. Qb5 Qxb5 28. Bxb5 Bxe5 29. dxe5 Rc5 30. a4 a6 31. Bd7 Rc7 32. e6 fxe6 33. Bxe6+ Kg7 34. d6 Rc3 35. Bd5 Rf8 36. d7 Rc2 37. Be3 Rd8 38. Be6 Kf6 39. Bh3 Rc7 40. e5+ Kg7 41. e6 Kf6 42. Bb6 Rcc8 43. dxc8Q Rxc8 44. e7 Re8 45. Bd8 1-0